Statistiche per Riconosci il Pokémon - Quiz n°16

Clicka qui per fare il quiz!

Statistiche generali

  • Questo quiz è stato fatto 4 volte
  • Il punteggio medio è 7 su 10

Statistiche sulle risposte

IndizioRisposta% Corretto
GenerazioneSesta
100%
Altezza0,5 m (Vincolato); 6,5 m (Libero)
67%
Tasso di cattura3 (1.6%)
67%
Peso9,0 kg (Vincolato); 490,0 kg (Libero)
67%
Stadio evoluzioneForma base
67%
PokémonHoopa
67%
AbilitàPrestigiatore
67%
TipoPsico / Spettro (Vincolato); Psico / Buio (Libero)
67%
SessoSconosciuto
67%
Tasso di allevamentoSconosciuto
67%

Distribuzione punteggi

Percentile per numero di risposta

Percentuale di utenti per punteggio

I tuoi punteggi nel tempo

Non hai fatto questo quiz